00452nam a22001697a 450000500170000001000150001702000260003203500140005803700090007208200100008110000150009124500450010626000420015127000340019330000310022770000240025820241001163907.0 aENG-141861 a9788192060806c230.00 aEN-125393 bDBAD a380.1 aPrasad, G. aMarketing/cby G. Prasad [and] V. Jyothi aGunturbJai Bharath Publishers c2018 a2/18 Brodiepet, Guntur-522002 aVarious Pagingsc26cm.(pb) aJyothi, V. eAuthor